000 00706nam a2200253 a 4500
008
020 _a0751402362 (hbk.)
049 _aMAIN
090 _aTS1120
_bPAP
245 0 0 _aPaper chemistry /
_cedited by J.C. Roberts.
250 _a2nd ed.
260 _aLondon :
_bBlackie Academic & Professional,
_c1996.
300 _axiii, 267 p. :
_bill. ;
_c25 cm.
500 _aPrevious ed.: 1991.
500 _aIncludes index.
650 0 _aPapermaking
_xChemistry.
653 0 _aPaper
_aMaking.
700 1 _aRoberts, J.C.
907 _a.b10068661
_b02-11-12
_c17-04-03
003
005 20230123133831.0
040 _cNUST
942 _cBOOKS
_kTS1120
_mPAP
999 _c155436
_d155436